[Event "Angarsk-ch"]
[Site "Angarsk"]
[Date "2017.02.28"]
[Round "9"]
[White "Maltsev, Sergey"]
[Black "Mjakonkikh, Dmitry"]
[Result "0-1"]
[WhiteElo "2051"]
[BlackElo "2210"]
[PlyCount "94"]
[EventDate "2017.02.20"]
[EventType "swiss"]
[EventRounds "11"]
[EventCountry "RUS"]
[SourceTitle "CBM 177 Extra"]
[Source "ChessBase"]
[SourceDate "2017.04.27"]
[SourceVersion "1"]
[SourceVersionDate "2017.04.27"]
[SourceQuality "1"]

1. e4 c5 2. Nf3 e6 3. d4 cxd4 4. Nxd4 Nc6 5. Nc3 a6 6. Be3 Qc7 7. Qd2 b5 8. 0-0-0 Nxd4 9. Qxd4 Bb7 10. g3 Nf6 11. f3 Rc8 12. Rd2 Bc5 13. Qxc5 Qxc5 14. Bxc5 Rxc5 15. Be2 Ke7 16. Rhd1 Rc7 17. Rd4 Bc6 18. a3 Rb8 19. g4 e5 20. R4d2 h6 21. h4 g5 22. hxg5 hxg5 23. Rh1 Rcc8 24. Rdd1 Rh8 25. Bd3 Rh4 26. Rxh4 gxh4 27. Rh1 Rh8 28. Kd2 Ne8 29. Ke3 Nc7 30. Ne2 Ne6 31. Ng3 Kf6 32. Nf5 Kg5 33. Bf1 d5 34. Ne7 d4+ 35. Kf2 Bd7 36. Nf5 Nf4 37. Bd3 Bxf5 38. gxf5 Rc8 39. Rg1+ Kf6 40. Rg4 Nxd3+ 41. cxd3 Rc2+ 42. Kg1 Rxb2 43. Rxh4 Ra2 44. Rh6+ Kg5 45. Rxa6 b4 46. Rb6 bxa3 47. Rb7 Rb2 0-1

[Event "Angarsk-ch"]
[Site "Angarsk"]
[Date "2017.02.24"]
[Round "5"]
[White "Maltsev, Sergey"]
[Black "Alexeev, Sergey"]
[Result "0-1"]
[WhiteElo "2051"]
[BlackElo "2054"]
[PlyCount "108"]
[EventDate "2017.02.20"]
[EventType "swiss"]
[EventRounds "11"]
[EventCountry "RUS"]
[SourceTitle "CBM 177 Extra"]
[Source "ChessBase"]
[SourceDate "2017.04.27"]
[SourceVersion "1"]
[SourceVersionDate "2017.04.27"]
[SourceQuality "1"]

1. e4 c5 2. Nf3 d6 3. d4 cxd4 4. Nxd4 Nf6 5. Nc3 e6 6. Bg5 a6 7. f4 Be7 8. Qf3 Qc7 9. 0-0-0 Bd7 10. g4 Nc6 11. Nb3 Rc8 12. Rd2 b5 13. Kb1 b4 14. Nd1 a5 15. Bxf6 gxf6 16. Ne3 a4 17. Nd4 Nxd4 18. Rxd4 b3 19. Rc4 bxa2+ 20. Kxa2 Qb7 21. Rxc8+ Bxc8 22. Bd3 Bd7 23. Rf1 Bc6 24. Nc4 Qb4 25. Ne3 0-0 26. Qg2 Rb8 27. Rb1 Kh8 28. Bc4 Qc5 29. Qf3 Rb4 30. Bd3 Qd4 31. c3 Qxd3 32. cxb4 Bxe4 33. Qd1 Qxe3 34. Rc1 Bd5+ 35. Ka1 Bb3 36. Qf1 d5 37. Rc3 Qb6 38. b5 Bb4 39. Rh3 Qd4 40. b6 Qxb6 41. Qb1 f5 42. gxf5 Qf2 43. fxe6 Bc2 44. e7 Bxe7 45. Qc1 Bd6 46. Rc3 Bf5 47. Qd1 Qxf4 48. Rf3 Qe4 49. Qf1 Bg6 50. Rc3 a3 51. Qf6+ Kg8 52. Rc8+ Bf8 53. Ka2 axb2 54. Qxb2 Qa4+ 0-1

[Event "Angarsk-ch"]
[Site "Angarsk"]
[Date "2017.02.20"]
[Round "1"]
[White "Maltsev, Sergey"]
[Black "Makhrov, Alexander"]
[Result "1-0"]
[WhiteElo "2051"]
[BlackElo "1994"]
[PlyCount "229"]
[EventDate "2017.02.20"]
[EventType "swiss"]
[EventRounds "11"]
[EventCountry "RUS"]
[SourceTitle "CBM 177 Extra"]
[Source "ChessBase"]
[SourceDate "2017.04.27"]
[SourceVersion "1"]
[SourceVersionDate "2017.04.27"]
[SourceQuality "1"]

1. e4 c5 2. Nf3 d6 3. d4 cxd4 4. Nxd4 Nf6 5. Nc3 e5 6. Nb3 Be7 7. Be3 0-0 8. f3 Be6 9. Qd2 a6 10. 0-0-0 Nbd7 11. g4 b5 12. h4 Nb6 13. Na5 Qc7 14. g5 Nfd7 15. Nd5 Nxd5 16. exd5 Bf5 17. Nc6 Rfe8 18. Bh3 Bxh3 19. Rxh3 Nb6 20. b3 Rac8 21. Bxb6 Qxb6 22. h5 Bf8 23. g6 fxg6 24. hxg6 h6 25. Kb1 Qc7 26. Qg5 Qd7 27. Rh5 Be7 28. Qe3 Bf6 29. Rdh1 Rxc6 30. dxc6 Qxc6 31. Rf5 d5 32. Rxh6 gxh6 33. Qxh6 Re7 34. g7 Rxg7 35. Rxf6 Qc3 36. Rg6 Rxg6 37. Qxg6+ Kh8 38. Qe8+ Kg7 39. Qd7+ Kf6 40. Qxd5 Kf5 41. Qe4+ Kg5 42. a3 a5 43. Qg4+ Kf6 44. Qh4+ Kf5 45. Qh5+ Kf6 46. Qe8 b4 47. Qd8+ Kf5 48. Qd7+ Kf6 49. axb4 axb4 50. Qd5 Kg5 51. Qe4 Qc5 52. Qg4+ Kf6 53. Kc1 Qd6 54. Qh4+ Kf5 55. Qe4+ Kf6 56. Qd3 Qc5 57. Kd1 Qg1+ 58. Ke2 Qh2+ 59. Ke1 Qg1+ 60. Qf1 Qe3+ 61. Kd1 Qd4+ 62. Ke2 Qc5 63. Qd1 Kg5 64. Qd2+ Kf5 65. Qd3+ Kf6 66. Qc4 Qd6 67. Ke3 Qb6+ 68. Ke4 Qd6 69. Qd5 Qc7 70. Qd3 Qc6+ 71. Ke3 Qc5+ 72. Ke2 Kg5 73. Kf1 Kf6 74. Kg2 Kg5 75. Qd2+ Kf5 76. Qd7+ Kf6 77. Qh7 Kg5 78. Qg8+ Kf6 79. Qc4 Qd6 80. Kg3 Qd2 81. Qe4 Qg5+ 82. Kh3 Qd2 83. Qd3 Qe1 84. Qd8+ Kf5 85. Qf8+ Kg5 86. Qg7+ Kf5 87. Qg4+ Kf6 88. Qh4+ Qxh4+ 89. Kxh4 e4 90. f4 Kg6 91. Kg4 Kf6 92. Kh3 Kf5 93. Kg3 Kg6 94. Kf2 Kf6 95. Ke2 Ke6 96. Kd2 Kf6 97. Ke2 Ke6 98. Kf2 Kf6 99. Kg2 Kg6 100. Kh3 Kf5 101. Kg3 Ke6 102. Kg4 Kf6 103. f5 Ke5 104. f6 Kxf6 105. Kf4 e3 106. Kxe3 Ke5 107. Kd3 Kd5 108. Ke2 Ke4 109. Kd1 Kd4 110. Kd2 Kc5 111. Ke3 Kd5 112. Kd3 Kc5 113. Ke4 Kc6 114. Kd4 Kb5 115. Kd5 1-0

[Event "Irkutsk Region-ch"]
[Site "Irkutsk"]
[Date "2016.10.20"]
[Round "7.4"]
[White "Kuzmin, Ilya"]
[Black "Maltsev, Sergey"]
[Result "0-1"]
[WhiteElo "2278"]
[BlackElo "2030"]
[PlyCount "104"]
[EventDate "2016.10.15"]
[EventType "tourn"]
[EventRounds "9"]
[EventCountry "RUS"]
[SourceTitle "EXT 2018"]
[Source "ChessBase"]
[SourceDate "2017.10.13"]
[SourceVersion "1"]
[SourceVersionDate "2017.10.13"]
[SourceQuality "1"]

1. d4 Nf6 2. c4 e6 3. Nf3 b6 4. g3 Ba6 5. b3 Bb4+ 6. Bd2 Be7 7. Bg2 Bb7 8. Nc3 0-0 9. 0-0 d5 10. cxd5 exd5 11. Bf4 Nh5 12. Be3 Nf6 13. h3 Nbd7 14. Ne5 c5 15. f4 Rc8 16. Rc1 Re8 17. Bf2 cxd4 18. Bxd4 Nc5 19. e3 Nfe4 20. Kh2 f6 21. Nxe4 dxe4 22. Nc4 Bf8 23. Qg4 Qe7 24. Rfd1 Nd3 25. Rxd3 exd3 26. Bxf6 Qxf6 27. Bxb7 Rcd8 28. Qf3 g6 29. Bd5+ Kg7 30. Ne5 d2 31. Rd1 Bc5 32. Kg2 Bxe3 33. Bc6 Rxe5 34. fxe5 Qxe5 35. Qe4 Qxe4+ 36. Bxe4 Rf8 37. Bf3 Kf6 38. Rf1 Ke5 39. Bd1 Rc8 40. Kf3 Kd4 41. h4 Bh6 42. g4 Re8 43. g5 Bf8 44. Kg2 Bb4 45. Rf4+ Kc5 46. Rc4+ Kb5 47. Rd4 Re1 48. Bf3 Bc3 49. Rd7 Kb4 50. Rd3 Rc1 51. h5 Ka3 52. hxg6 hxg6 0-1

[Event "Irkutsk Spring"]
[Site "Irkutsk"]
[Date "2016.04.23"]
[Round "7"]
[White "Anisimov, Alexander1111"]
[Black "Maltsev, Sergey"]
[Result "0-1"]
[WhiteElo "1712"]
[BlackElo "2073"]
[PlyCount "70"]
[EventDate "2016.04.09"]
[EventType "swiss"]
[EventRounds "9"]
[EventCountry "RUS"]
[SourceTitle "EXT 2022"]
[Source "ChessBase"]
[SourceDate "2021.10.06"]
[SourceVersion "1"]
[SourceVersionDate "2021.10.06"]
[SourceQuality "1"]

1. e4 e5 2. Nf3 Nc6 3. Bb5 a6 4. Ba4 d6 5. h3 Bd7 6. 0-0 g6 7. c3 Bg7 8. Re1 Nge7 9. d3 0-0 10. Be3 h6 11. Nbd2 Kh7 12. Nf1 f5 13. exf5 gxf5 14. Bc2 Ng6 15. Bd2 d5 16. Rc1 e4 17. N3h2 Nce5 18. d4 Nc4 19. b3 Nxd2 20. Qxd2 Bf6 21. Qd1 Bg5 22. Ne3 c6 23. Bb1 Be6 24. Rc2 Rf7 25. Nef1 Qd6 26. g3 Rg8 27. h4 Bd8 28. Kh1 f4 29. h5 Nf8 30. gxf4 Rxf4 31. Rce2 Bh4 32. Qc2 Bg4 33. Nxg4 Rfxg4 34. Nh2 Rg2 35. f3 Qxh2# 0-1

[Event "Irkutsk Spring"]
[Site "Irkutsk"]
[Date "2016.04.20"]
[Round "6"]
[White "Maltsev, Sergey"]
[Black "Demin, Petr"]
[Result "0-1"]
[WhiteElo "2073"]
[BlackElo "1826"]
[PlyCount "82"]
[EventDate "2016.04.09"]
[EventType "swiss"]
[EventRounds "9"]
[EventCountry "RUS"]
[SourceTitle "EXT 2022"]
[Source "ChessBase"]
[SourceDate "2021.10.06"]
[SourceVersion "1"]
[SourceVersionDate "2021.10.06"]
[SourceQuality "1"]

1. e4 e5 2. Nf3 Nc6 3. d4 exd4 4. Bc4 d6 5. 0-0 Be7 6. Nxd4 Nxd4 7. Qxd4 Nf6 8. Nc3 0-0 9. Bf4 Nd7 10. Nd5 Bf6 11. Nxf6+ Qxf6 12. Qd2 Nb6 13. Bd3 Qxb2 14. e5 dxe5 15. Be3 Qa3 16. Rfb1 Qe7 17. Qa5 Re8 18. Rb5 Bd7 19. Rc5 Bc6 20. Re1 Nd7 21. Rc4 Nb6 22. Rg4 Qe6 23. Rh4 g6 24. Bg5 f6 25. Qd2 fxg5 26. Qxg5 Qe7 27. Qh6 Qg7 28. Qg5 e4 29. Bf1 Re5 30. Qg3 Rae8 31. Rg4 Bd5 32. h4 Nd7 33. Qa3 a6 34. Rg3 Qe7 35. Qc3 c6 36. Qb2 b5 37. Qd4 Qc5 38. Qd1 Rf8 39. Qd2 Ref5 40. Rge3 Ne5 41. Be2 Rxf2 0-1